000 00408nam a22001217a 4500
082 _a200 THE
100 _aALI JAVAID
_969940
245 _aTH-SOF-1653-Modeling and Simulation of Turbulence Induced In-Nozzle Cavitation in a Heavy Duty Diesel Engine
260 _aISLAMABAD
_bNUST COLLEGE OF EME
_c2019
650 _aMS-MECH-2015 MSTHESIS
_969463
700 _aSupervisor DR. IMRAN SHAFI
_969941
942 _cCF
999 _c577016
_d577016